00321nam a2200109Ia 4500008004000000082001300040100002100053245003600074260004300110300000800153650005000161210210b1995 xxu||||| |||| 00| 0 eng d a510 RANT aRANGANATH (G K). aText book of mathematics. I PUC aDelhibHimalaya Publishing Housec1995 a550 aHimalaya I PUC mathematics Maths Mathematic